Care-Based Reasoning Research and Development: 4th International Conference on Case-Based Reasoning, ICCBR 2001 Vancouver, BC, Canada, july 30-august 2, 2001 Proceedings

Bibliographische Detailangaben
Weitere Verfasser: Aha D. W. David W. (редактор), Watson I. Ian
Sprache:Englisch
Veröffentlicht: Berlin, Springer-Verlag, 2001
Schlagworte:
Format: MixedMaterials Buch
KOHA link:https://koha.lib.tpu.ru/cgi-bin/koha/opac-detail.pl?biblionumber=141275

MARC

LEADER 00000nam0a2200000 4500
001 141275
005 20231031142402.0
010 |a 3540423583 
035 |a (RuTPU)RU\TPU\book\153125 
090 |a 141275 
100 |a 20080807d2001 k y0engy50 ba 
101 0 |a eng 
102 |a DE 
105 |a a z 101zy 
200 1 |a Care-Based Reasoning Research and Development  |e 4th International Conference on Case-Based Reasoning, ICCBR 2001 Vancouver, BC, Canada, july 30-august 2, 2001 Proceedings  |f под ред. D. W. Aha; I. Watson 
210 |a Berlin  |c Springer-Verlag  |d 2001 
215 |a 758 p.  |c il. 
320 |a References at the end of chapters. 
320 |a Index: p. 757-758. 
610 1 |a программирование 
610 1 |a математические методы 
610 1 |a математическое программирование 
610 1 |a теория 
610 1 |a английский язык 
610 1 |a конференции 
675 |a 519.85(063)  |v 3 
702 1 |a Aha  |b D. W.  |g David W.  |4 340 
702 1 |a Watson  |b I.  |g Ian  |4 340 
801 1 |a RU  |b 63413507  |c 20080807  |g PSBO 
801 2 |a RU  |b 63413507  |c 20080919  |g PSBO 
942 |c BK